000 00463ntaaa2200193 4500
003 01
005 20251027203254.0
008 0714s1973 ag 01
020 _a8424920411
040 _aAR-BaBN
_bspa
_cAR-BaBN
_eaacr
_dRIC
082 _a149.7 L56
100 _aLersch, Philipp
_935590
245 _aEl Hombre en la Actualidad /
_cPhilipp Lersch
250 _a2ยช
260 _aMadrid,
_c1979
300 _a186p
650 _aRACIONALISMO
_935591
942 _cBK
999 _c28193
_d28193